Rivières espagnoles sur une carte - Statistiques

Statistiques générales
  • Ce quiz a été pris 141 fois
  • Le résultat moyen est 5 sur 13
Réponses sur la Carte
Les réponses sont colorées sur une échelle allant du rouge au vert en fonction du pourcentage des utilisateurs qui les ont devinées à leur premier essai. Vous pouvez retrouver ces pourcentages ci-dessous.
 
Statistiques - réponses
Cours d'eau Longueur % Correct
Guadalquivir 657km
81%
Ebre 928km
69%
Douro 897km
68%
Tage 1007km
53%
Guadiana 744km
49%
Miño 318km
39%
Segura 325km
36%
Júcar 498km
33%
Esla 288km
7%
Jarama 190km
6%
Pisuerga 280km
6%
Genil 358km
4%
Jalón 224km
3%
Aucun quiz correspondant
Distribution des résultats
% des personnes avec chaque résultat
Percentile par nombre de réponses
Votre historique - résultats
Vous n’avez pas pris ce quiz